000 00631nam a2200241 a 4500
001 0001-1052
003 ELIB.Books
008 141126 2010 eng
020 _a9781844743711
035 _a(ELIB.Books)0001-1207
092 _a268434
_bKBTS; Library
100 _aBrandon, Guy.
245 _aJust Sex
_bIs it Ever Just Sex?
260 _aNottingham
_bInter Varsity Press
_c2009
300 _a219
_c21.5 Cm
500 _aTaylor, Saw.
650 _aChristian Education:
856 _nKBTS; Library
_uKBTS; Elib.
942 _2ddc
_cBK
990 _a1
998 _cbat
_e2014-11-26
999 _c11052
_d11052